Likvidita slovenských bánk v čase finančnej krízy ako súčasť požiadaviek kapitálovej primeranosti diplomová práca

Enregistré dans:
Détails bibliographiques
Auteur principal: Sochuliaková, Lenka
Collectivité auteur: Národohospodárska fakulta EU. Katedra bankovníctva a medzinárodných financií
Autres auteurs: Schwarzová, Mária
Format: Livre
Langue:slovaque
Publié: Bratislava 2013
Tags: Ajouter un tag
Pas de tags, Soyez le premier à ajouter un tag!

MARC

LEADER 00000nbm a2200000 4500
001 0169263
005 20161109102251.8
041 0 |a slo 
044 |a SK 
245 1 0 |a Likvidita slovenských bánk v čase finančnej krízy ako súčasť požiadaviek kapitálovej primeranosti  |b diplomová práca  |c Lenka Sochuliaková ; školiteľ: Viera Malacká 
264 1 |a Bratislava  |c 2013 
300 |a 69 s. 
100 1 |a Sochuliaková, Lenka 
700 1 |a Schwarzová, Mária 
710 2 |a Národohospodárska fakulta EU. Katedra bankovníctva a medzinárodných financií